| 000 | 00565nam a22001937a 4500 | ||
|---|---|---|---|
| 003 | 0 | ||
| 005 | 20230914092448.0 | ||
| 008 | 230914b xxu||||| |||| 00| 0 eng d | ||
| 020 | _a978-1-98465-966-8 | ||
| 050 |
_aQC 21.3 _b.T47 2022 |
||
| 110 | _a3G E-learning | ||
| 245 |
_aFundamentals of physics _c3G E-learning |
||
| 260 |
_aNew York _b3G E-learning _cc2022. |
||
| 300 |
_axi, 290 pages : _bcol. ill. ; _c26 cm. |
||
| 500 | _aPhysics. | ||
| 504 | _aIncludes bibliographical references, glossary, and index. | ||
| 650 | _aPhysics. | ||
| 942 |
_2lcc _cBK |
||
| 999 |
_c365301 _d365301 |
||